LEADER 06762nam 2200829 450 001 9910137393903321 005 20221206175837.0 010 $a3-11-043866-6 024 7 $a10.1515/9783110438666 035 $a(CKB)3710000000553299 035 $a(SSID)ssj0001666206 035 $a(PQKBManifestationID)16455504 035 $a(PQKBTitleCode)TC0001666206 035 $a(PQKBWorkID)15000710 035 $a(PQKB)10976346 035 $a(MiAaPQ)EBC4332907 035 $a(WaSeSS)IndRDA00056073 035 $a(DE-B1597)452861 035 $a(OCoLC)979882986 035 $a(OCoLC)980291755 035 $a(OCoLC)992454140 035 $a(DE-B1597)9783110438666 035 $a(Au-PeEL)EBL4332907 035 $a(CaPaEBR)ebr11140011 035 $a(OCoLC)939265181 035 $a(EXLCZ)993710000000553299 100 $a20170502h20152015 uy| 0 101 0 $aeng 135 $aurcnu|||||||| 181 $ctxt 182 $cc 183 $acr 200 00$aBiological invasions in changing ecosystems $evectors, ecological impacts, management and predictions /$fJoa?o Canning-Clode (ed.) ; managing editor, Katarzyna Michalczyk ; associate editor, Anssi Vainikka ; language editor, Blake Turner 210 1$aWarsaw :$cDe Gruyter Open,$d[2015] 210 4$d©2015 215 $a1 online resource (488 pages) $cillustrations (some colour), maps 300 $aBibliographic Level Mode of Issuance: Monograph 311 $a3-11-043865-8 320 $aIncludes bibliographical references and index. 327 $tFront matter --$tContents --$tPreface --$tList of Contributors --$tGeneral Introduction - Aquatic and Terrestrial Biological Invasions in the 21st Century /$rCanning-Clode, João --$tPart I. Biogeography and Vectors of Biological Invasions --$tSummary of Part I /$rCanning-Clode, João / Paiva, Filipa --$t1. Anthropogenic Vectors of Marine and Estuarine Invasions: an Overview Framework /$rCarlton, James T. / Ruiz, Gregory M. --$t2. The Biogeography of Avian Invasions: History, Accident and Market Trade /$rCassey, Phillip / Vall-Llosera, Miquel / Dyer, Ellie / Blackburn, Tim M. --$t3. Vectors for Spread of Invasive Freshwater Vascular Plants with a North American Analysis /$rSytsma, Mark D. / Pennington, Toni --$t4. Invasions of Terrestrial Arthropods: Mechanisms, Pathways, and Dynamics /$rRoderick, George K. / Navajas, Maria --$t5. Vectors of Invasions in Freshwater Invertebrates and Fishes /$rFuller, Pam L. --$t6. Contribution of the Live Animal Trade to Biological Invasions /$rRomagosa, Christina M. --$tPart II. Biological Invasions in Aquatic Ecosystems and in Host Parasite Systems --$tSummary of Part II /$rCanning-Clode, João / Paiva, Filipa --$t7. Parasites and Genetics in Marine Invertebrate Introductions: Signatures of Diversity Declines across Systems /$rBlakeslee, April --$t8. Invasive Crayfish and Their Invasive Diseases in Europe with the Focus on the Virulence Evolution of the Crayfish Plague /$rJussila, Japo / Vrezec, Al / Makkonen, Jenny / Kortet, Raine / Kokko, Harri --$t9. Host Dynamics and Ectoparasite Life Histories of Invasive And Non-Invasive Deer Ked Populations /$rHärkönen, Laura / Kaitala, Arja --$t10. The Pacific Oyster (Crassostrea gigas) Invasion in Scandinavian Coastal Waters: Impact on Local Ecosystem Services /$rLaugen, Ane T. / Hollander, Johan / Obst, Matthias / Strand, Åsa --$t11. Invasive Seaweeds: Impacts and Management Actions /$rPetrocelli, Antonella / Cecere, Ester --$tPart III. Management and Control of Biological Invasions --$tSummary of Part III /$rCanning-Clode, João / Paiva, Filipa --$t12. Fighting Invasions in the Marine Realm, a Case Study with Caulerpa webbiana in the Azores /$rCardigos, Frederico / Monteiro, João / Fontes, Jorge / Parretti, Paola / Serrão Santos, Ricardo --$t13. Reducing the Ecological Impact of Invasive Cane Toads /$rShine, Richard --$t14. Pine Invasions in South America: Reducing Their Ecological Impacts Through Active Management /$rPauchard, Aníbal / García, Rafael / Zalba, Sergio / Sarasola, Mauro / Zenni, Rafael / Ziller, Silvia / Nuñez, Martín A. --$t15 Implications of Ship Type on Delivery and Management of Ballast Water /$rMinton, Mark S. / Whitman Miller, A. / Ruiz, Gregory M. --$tPart IV. Predictions and New Tools in Biological Invasions --$tSummary of Part IV /$rCanning-Clode, João / Paiva, Filipa --$t16. Will Alien Plant Invaders Be Advantaged Under Future Climates? /$rLeishman, Michelle R. / Gallagher, Rachael V. --$t17. Anticipating Invasions and Managing Impacts: A Review of Recent Spatiotemporal Modelling Approaches /$rSantos, Mário / Bastos, Rita / Vicente, Joana / Berger, Uta / Silveira Soares Filho, Britaldo / Rodrigues, Hermann / Alonso, Joaquim / Guerra, Carlos / Martins, João / Honrado, João / Cabral, João Alexandre --$t18. Applications of DNA-based Methods for the Study of Biological Invasions /$rViard, Frédérique / Comtet, Thierry --$t19. Assembly Rules and Novel Assemblages in Aquatic Ecosystems /$rLight, Theo / Moyle, Peter --$tList of Figures --$tList of Tables --$tIndex 330 $aWhen organisms are deliberately or accidentally introduced into a new ecosystem a biological invasion may take place. These so-called 'invasive species' may establish, spread and ecologically alter the invaded community. Biological invasions by animals, plants, pathogens or vectors are one of the greatest environmental and economic threats and, along with habitat destruction, a leading cause of global biodiversity loss. In this book, more than 50 worldwide invasion scientists cover our current understanding of biological invasions, its impacts, patterns and mechanisms in both aquatic and terrestrial systems. 606 $aEcological disturbances 606 $aBiological invasions 606 $aIntroduced organisms 610 $aAlien. 610 $aBioinvasions. 610 $aBiological Invasions. 610 $aExotic. 610 $aFreshwater invasive species. 610 $aImpacts of Invasive species. 610 $aIntroduction. 610 $aInvasive. 610 $aMarine invasive species. 610 $aNon-Indigenous Species. 610 $aNon-native. 610 $aTerrestrial invasive species. 610 $aVectors of Introduction. 615 0$aEcological disturbances. 615 0$aBiological invasions. 615 0$aIntroduced organisms. 676 $a577.18 702 $aCanning-Clode$b Joa?o 702 $aMichalczyk$b Katarzyna 702 $aVainikka$b Anssi 702 $aTurner$b Blake 801 0$bMiAaPQ 801 1$bMiAaPQ 801 2$bMiAaPQ 906 $aBOOK 912 $a9910137393903321 996 $aBiological invasions in changing ecosystems$92116451 997 $aUNINA LEADER 04157nam 2200709 450 001 9910790833403321 005 20230803220611.0 010 $a3-11-026920-1 024 7 $a10.1515/9783110269208 035 $a(CKB)2550000001169803 035 $a(EBL)1130394 035 $a(OCoLC)865329979 035 $a(SSID)ssj0001061457 035 $a(PQKBManifestationID)12397415 035 $a(PQKBTitleCode)TC0001061457 035 $a(PQKBWorkID)11098614 035 $a(PQKB)10107656 035 $a(MiAaPQ)EBC1130394 035 $a(DE-B1597)173778 035 $a(OCoLC)979912210 035 $a(DE-B1597)9783110269208 035 $a(Au-PeEL)EBL1130394 035 $a(CaPaEBR)ebr10819974 035 $a(CaONFJC)MIL551788 035 $a(EXLCZ)992550000001169803 100 $a20130726h20142014 uy| 0 101 0 $aeng 135 $aur|n|---||||| 181 $ctxt 182 $cc 183 $acr 200 10$aOscillatory neural networks $ein problems of parallel information processing /$fMargarita G. Kuzmina, Eduard A. Manykin, Evgeny Grichuk 210 1$aBerlin ;$aBoston :$cWalter de Gruyter GmbH & Co. KG,$d[2014] 210 4$d©2014 215 $a1 online resource (172 p.) 300 $aDescription based upon print version of record. 311 $a3-11-026835-3 311 $a1-306-20537-9 320 $aIncludes bibliographical references and index. 327 $t Frontmatter -- $tPreface -- $tAcknowledgments -- $tContents -- $t1. Introduction -- $t2. Neural and oscillatory networks of associative memory -- $t3. Oscillatory networks for modeling the brain structures performance -- $t4. Image processing based on the oscillatory network model -- $t5. Parallel information processing and photon echo -- $t6. Stochastic oscillators for modeling polarized light beams -- $tSummary and some perspectives -- $tIndex 330 $aUnderstanding of the human brain functioning currently represents a challenging problem. In contrast to usual serial computers and complicated hierarchically organized artificial man-made systems, decentralized, parallel and distributed information processing principles are inherent to the brain. Besides adaptation and learning, which play a crucial role in brain functioning, oscillatory neural activity, synchronization and resonance accompany the brain work. Neural-like oscillatory network models, designed by the authors for image processing, allow to elucidate the capabilities of dynamical, synchronization-based types of image processing, presumably exploited by the brain. The oscillatory network models, studied by means of computer modeling and qualitative analysis, are presented and discussed in the book. Some other problems of parallel distributed information processing are also considered, such as a recall process from network memory for large-scale recurrent associative memory neural networks, performance of oscillatory networks of associative memory, dynamical oscillatory network methods of image processing with synchronization-based performance, optical parallel information processing based on the nonlinear optical phenomenon of photon echo, and modeling random electric fields of quasi-monochromatic polarized light beams using systems of superposed stochastic oscillators. This makes the book highly interesting to researchers dealing with various aspects of parallel information processing. 606 $aHuman information processing 606 $aNeural networks (Neurobiology) 610 $aComputational Mathematics. 610 $aCoupled Oscillators. 610 $aImage Processing. 610 $aNeural Networks. 610 $aSelf-Organization. 610 $aSynchronization. 615 0$aHuman information processing. 615 0$aNeural networks (Neurobiology) 676 $a612.8 700 $aKuz?mina$b M. G$g(Margarita Georgievna)$01567192 701 $aManykin$b Eduard$01567193 701 $aGrichuk$b Evgeny$01567194 801 0$bMiAaPQ 801 1$bMiAaPQ 801 2$bMiAaPQ 906 $aBOOK 912 $a9910790833403321 996 $aOscillatory neural networks$93838411 997 $aUNINA LEADER 01031nam0 22002531i 450 001 UON00388478 005 20231205104600.721 100 $a20110214d1962 |0itac50 ba 101 $aita 102 $aIT 105 $a|||| ||||| 200 1 $aˆLe ‰valli ladine dell'Alto Adige e il pensiero dei linguisti italiani sulla unità dei dialetti ladini$fCarlo Battisti 210 $a Firenze$cLe Monnier$d1962 215 $a131 p.$d25 cm. 606 $aDIALETTI LADINI$3UONC077331$2FI 620 $aIT$dFirenze$3UONL000052 700 1$aBattisti$bCarlo$3UONV055896$00 712 $aLe Monnier$3UONV249266$4650 801 $aIT$bSOL$c20250307$gRICA 899 $aSIBA - SISTEMA BIBLIOTECARIO DI ATENEO$2UONSI 912 $aUON00388478 950 $aSIBA - SISTEMA BIBLIOTECARIO DI ATENEO$dSI 27 044 $eSI GL 3323 7 044 996 $aValli ladine dell'Alto Adige e il pensiero dei linguisti italiani sulla unità dei dialetti ladini$9519981 997 $aUNIOR